| 000 | 01205cam a22003617a 4500 | ||
|---|---|---|---|
| 003 | CHAP | ||
| 005 | 20220817042412.0 | ||
| 008 | 971013s1993 r 00010 d | ||
| 010 | _a43561 | ||
| 011 | _a44533 | ||
| 035 | _a48671 | ||
| 040 | _cCHAP | ||
| 082 |
_a630.946 _bC6 |
||
| 100 | 0 | 0 |
_aCubero, J. I. _929983 |
| 245 | 1 | 3 | _aLa agricultura del siglo XXI |
| 260 |
_aMadrid : _bMundi Prensa, _c1993 |
||
| 300 |
_a287 p. _b: ilus. |
||
| 590 |
_aBATCH-UPD _b10 _c20130110 _lUCH01 _h1140 |
||
| 590 |
_aBATCH-UPD _b10 _c20130410 _lUCH01 _h0726 |
||
| 590 |
_aBATCH-UPD _b10 _c20130913 _lUCH01 _h2248 |
||
| 590 |
_aCONVERSION _b10 _c20130109 _lUCH01 _h1324 |
||
| 650 | 1 | 4 |
_aAgricultura _zEspaña. _91923 |
| 650 | 1 | 4 |
_aBiotecnología vegetal. _912892 |
| 650 | 1 | 4 |
_aDesertificación. _932128 |
| 650 | 1 | 4 |
_aGanadería. _944604 |
| 650 | 1 | 4 |
_aRecursos naturales _xConservación. |
| 700 | 0 |
_aMoreno, M. T. _978746 |
|
| 901 | _aBK | ||
| 942 | _cLIBRO | ||
| 949 |
_a630.946 C6 _bBC _cLIBRO _d33724000009478 _eLIBRO _gI.178307 _h89146 _i48671 _si _t125.00 |
||
| 949 |
_a630.946 C6 _bBC _cLIBRO _d33724000910097 _eLIBRO _fc.2 _gI.c/e _h104036 _i48671 _si _t$377.00 |
||
| 949 |
_a630.946 C6 _bCIESTAM _cLIBRO _d486711 _eLIBRO _h3 _i48671 _sb |
||
| 999 |
_c43561 _d43561 |
||